=LDR 00000nam 2200000 4500 =001 NUTBA000000000001676 =005 20140509152740.0 =006 =007 =008 =035 ##$$a 0010-051400000000141 =082 ##$$a 025.3-iND-I =100 ##$$a PERPUSTAKAAN NASIONAL RI =245 ##$$a Indek terbitan Perpustakaan Nasional RI =260 ##$$a Jakarta $b Perpusnas RI $c 2008 =300 ##$$a III,58 HLM =990 ##$$a 21196479/BPAP-NTB/2014